|
|
|
|
| LEADER |
00000nam0a2200000 4500 |
| 001 |
41480 |
| 005 |
20231031014207.0 |
| 035 |
|
|
|a (RuTPU)RU\TPU\book\42590
|
| 035 |
|
|
|a RU\TPU\book\8438
|
| 090 |
|
|
|a 41480
|
| 100 |
|
|
|a 20020621d1985 m y0rusy50 ca
|
| 101 |
0 |
|
|a rus
|
| 102 |
|
|
|a RU
|
| 105 |
|
|
|a a j 000zy
|
| 200 |
1 |
|
|a Сборник заданий для курсовых работ по теоретической механике
|e учебное пособие
|f под ред. А. А. Яблонского
|
| 205 |
|
|
|a 4-е изд., перераб. и доп.
|
| 210 |
|
|
|a Москва
|c Высшая школа
|d 1985
|
| 215 |
|
|
|a 367 с.
|
| 451 |
|
1 |
|0 (RuTPU)RU\TPU\book\42595
|y 5-89602-004-X
|t Сборник заданий для курсовых работ по теоретической механике
|o учебное пособие
|f под ред. А. А. Яблонского
|e 3-е изд., перераб. и доп.
|c М.
|n Высшая школа
|d 1978
|p 388 с.
|
| 451 |
|
1 |
|0 (RuTPU)RU\TPU\book\8438
|t Сборник заданий для курсовых работ по теоретической механике
|o учебное пособие
|f под ред. А. А. Яблонского
|e 5-е изд., испр.
|c М.
|n Интеграл-Пресс
|d 1998
|p 384 с.
|
| 610 |
1 |
|
|a физика
|
| 610 |
1 |
|
|a теоретическая механика
|
| 610 |
1 |
|
|a статика
|
| 610 |
1 |
|
|a твердые тела
|
| 610 |
1 |
|
|a кинематика
|
| 610 |
1 |
|
|a динамика
|
| 610 |
1 |
|
|a курсовые работы
|
| 610 |
1 |
|
|a задания
|
| 610 |
1 |
|
|a практические пособия
|
| 610 |
1 |
|
|a учебные пособия
|
| 675 |
|
|
|a 531(076.5)
|v 3
|
| 702 |
|
1 |
|a Яблонский
|b А.А
|g Александр Александрович
|
| 801 |
|
2 |
|a RU
|b 63413507
|c 20201118
|g PSBO
|
| 942 |
|
|
|c BK
|